000
00300nam a2200109Ia 4500
008
200302s9999 xx 000 0 und d
100
_a
Fernando Marquez
245
_a
2005 - 2009 Souto De Moura Teatros Del Mundo Theatres of World
260
_b
Elcroquis Publishers
260
_c
2009
300
_a
203 P.,
999
_c
2967
_d
2967